[Event "RUS-ch sf 58th"]
[Site "Kazan"]
[Date "2005.09.09"]
[Round "7"]
[White "Rublevsky, Sergei"]
[Black "Vitiugov, Nikita"]
[Result "1-0"]
[WhiteElo "2645"]
[BlackElo "2519"]
[Annotator "Rogozenco,D"]
[PlyCount "63"]
[EventDate "2005.09.03"]
[EventType "swiss"]
[EventRounds "9"]
[EventCountry "RUS"]
[SourceTitle "CBM 109"]
[Source "ChessBase"]
[SourceDate "2005.11.14"]
[SourceVersion "1"]
[SourceVersionDate "2005.11.14"]
[SourceQuality "1"]

1. e4 c5 2. Nf3 e6 3. c3 d5 4. exd5 Qxd5 5. d4 Nf6 6. Be2 Nc6 7. O-O cxd4 8.
cxd4 Be7 9. Nc3 Qd6 10. Nb5 Qd8 11. Bf4 Nd5 12. Bg3 a6 13. Nc3 O-O 14. Rc1 {
After other moves Black quickly achieves comfortable play:} (14. Qb3 Nf6 15.
Rfd1 b5 $11) (14. Ne5 Nxc3 (14... Nxe5 15. Nxd5 exd5 16. Bxe5 Qb6 $11 {0-1
Salakhova,G (2125)-Kovalevskaya,E (2305) (45)}) 15. bxc3 Nxe5 16. Bxe5 $11 Bd7
(16... Bd6 17. Bxd6 {1/2-1/2 Harley,A (2290)-Mortazavi,A (2350)/London 1994})
17. Bf3 Qc8 18. Re1 Re8 19. Qb3 (19. Rb1 $1 Bc6 20. Rb6 Bd5 21. Bxd5 exd5 22.
Qb3 Bd8 23. Rxb7 Qc6 $44) 19... Bc6 20. Bxc6 Qxc6 21. c4 b5 22. d5 Qxc4 23.
Qxc4 bxc4 24. d6 Bf8 $17 {0-1 Pavasovic,D (2450)-Kaminski,M (2495)/Halle 1995 
(45)}) (14. a3 b5 $11) (14. Re1 Nf6 15. Bc4 b5 16. Bb3 Na5 17. Bc2 Bb7 $11 {
1-0 Genocchio,D (2247)-Caposciutti,M (2273)/Salsomaggiore Terme 1999}) 14...
Nf6 (14... Nxc3) ({The dubious looking} 14... b6 $5 {as in Yagupova,L-Lugovoi,
A (2470)/St Petersburg 1996, is in fact quite interesting and requires more
practical tests.}) 15. a3 {We have a standard IQP type of position. White will
soon transfer the bishop to the a2-g8 or b1-h7 diagonals and will have the
typical pressure. Black is behind in development and must always watch out for
opponent´s tactical possibilities, such as sacrifices on d7 or e6, as well as
the advance of the d-pawn. Objectively the position is close to equal, but it
depends on the preference and strength of the players. Some like to play
against IQP (the greatest expert is A.Karpov), while some players, like for
instance S.Rublevsky, are very dangerous when having such initiative with IQP.}
(15. Bd3 b5 (15... Nb4 16. Bb1 b5 17. a3 {1/2-1/2 Belezky,S (2405)-Fogarasi,T 
(2477)/Budapest 2004}) 16. Bb1 Bb7 17. Re1 Rc8 18. a4 b4 19. Ne2 Qb6 20. Qd3
Rfd8 21. Bh4 g6 22. Qe3 Kg7 23. Rcd1 Nd5 24. Qe4 Bxh4 (24... Nf6 $11) 25. Qxh4
Rd7 26. Qg4 Nf6 27. Qg5 Rcd8 28. h4 Qa5 29. Qxa5 Nxa5 30. Ne5 Rd6 31. Rc1 Nd5 (
31... Nc6 $1 $15 {[%csl Rd4]} 32. Nc4 Rd5 33. Nb6 (33. Ne3 R5d7 $17) 33... Rh5
$17 {[%csl Rd4,Rh4]}) 32. Be4 Nb3 33. Bxd5 Bxd5 34. Rc7 Rf8 35. Rd1 Kg8 36. Rd3
Na5 37. Nf4 $36 {1-0 Acs,P (2410)-Szelag,M (2265)/Rimavska Sobota 1996 (50)}) (
15. h3 b5 $11) (15. Qd2 b6 $11) 15... b6 (15... Nh5 16. Be5 $14 {Sveshnikov
prefers moves like 16.Qd2 or 16.Qd3 and practice shows that after them White
can claim an edge as well, although 16.Be5 looks stronger to me.}) (15... b5 $6
{loses a pawn, even if after} 16. Nxb5 axb5 17. Rxc6 b4 {it will not be easy
for White to convert it.}) 16. Bc4 (16. d5 exd5 $11) (16. Nb5 axb5 $1 (16...
Bb7 17. Nc7 Ra7 18. Bxa6 Bxa6 19. Nxa6 Qd7 20. Nc7 Ra5 21. Ne5 Nxe5 22. dxe5
Qxd1 23. Rfxd1 Ne4 24. Bf4 $16 {[%cal Gf4e3]} (24. Rd7 $2 Bd8 25. Rc6 $2 Rc5
26. Rxc5 Nxc5 $19 {0-1 Smirnov,P-Yashtylov,A/Ufa 1996 (48)})) 17. Rxc6 Nd5 18.
Ne5 b4 $11 {1/2-1/2 Fiebig,T (2263)-Heinz,A (2244)/Willingen 2004 (37)}) 16...
Bb7 17. Ba2 Rc8 {The position is reminiscent of some QGA lines. The evaluation
is similar too - a complicated battle, where Black must play accurately.} (
17... Nh5 18. d5 $1 {This is often a standard reaction after the knight left
control over square d5.} exd5 19. Nxd5 Nxg3 20. hxg3 Bf6 21. Re1 Rc8 22. Nxf6+
Qxf6 23. Qd7 $36 {1-0 Emms,J (2508)-Muir,A (2328)/Scarborough 2004 (46)}) 18.
Qd3 (18. b4 Na7 $5 19. Qd3 b5 20. Rfd1 Qb6 21. Be5 Rfd8 $13 {0-1 Erendzhenov,S
(2350)-Ionescu,C (2515)/Elista 1998 (40)}) (18. Re1 b5 $13) (18. d5 $6 exd5 19.
Nxd5 Nxd5 20. Qxd5 Qxd5 21. Bxd5 Bf6 22. Ne5 $6 Nd4 {[%cal Gd4e2] and Black
took over the initiative in Anagnostopoulos,D (2438)-Banikas,H (2520)/Athens
2002}) 18... b5 ({In the game Rublevsky,S (2672)-Yakovich,Y (2573)/Krasnoyarsk
2003 Black succeeded to hold the balance with series of only moves:} 18... Nh5
19. d5 exd5 20. Nxd5 Nxg3 21. hxg3 Bf6 22. Rfd1 Ne5 (22... Bxb2 23. Rb1 $16)
23. Rxc8 Bxc8 24. Nxe5 Bxe5 25. Qe3 Bf6 26. Rc1 Bb7 27. Nxf6+ Qxf6 28. Rc7 Qd6
29. Qe7 Qd1+ 30. Kh2 Bd5 31. Bxd5 Qh5+ {and the draw was agreed.}) 19. Rfd1 (
19. b4 Qb6 20. Rfd1 Rfd8 $13 21. Qe3 (21. Bb1 g6 22. Qe3 a5 $1 $132) 21... a5 (
21... Na7 $142 $13) 22. Bxe6 $1 fxe6 23. Qxe6+ Kh8 24. Ng5 (24. Ne5 $1 Rf8 25.
d5 $18) 24... Rf8 $13 {1/2-1/2 Blauert,J (2359)-Muhren,B (2131)/Willemstad
2003 (93)}) 19... Na5 $6 {A very risky move. Apparently Black improves the
control over square d5 by opening the diagonal a8-h1, but in fact White will
have the resource b2-b4 to send the knight back and thus close that diagonal
when needed.} (19... Qb6 20. Ng5 (20. d5 $5 exd5 21. Nxd5 Nxd5 22. Bxd5 $13)
20... Rfd8 ({The position is very sharp and one must use all tactical
possibilities. Correct was} 20... b4 21. Be5 ({The idea of the previous move
is to use the back rank weakness after} 21. Na4 $2 Qxd4 $1 $17) (21. Nce4 $2
Nxe4 22. Nxe4 Nxd4 $17) 21... g6 22. Na4 (22. Nce4 Nxe4 23. Nxe4 Nxe5 24. dxe5
Rxc1 25. Rxc1 bxa3 26. bxa3 Qb2 $17) 22... Qb5 23. Qxb5 axb5 24. Nb6 Rcd8 $15)
21. d5 (21. Nxe6 fxe6 22. Bxe6+ Kh8 23. Bxc8 Bxc8 (23... Rxc8 24. d5 Nb8 (24...
Rd8 $2 25. Qe2 $18) 25. Ne4 $1 {Thanks to the strong d-pawn White´s prospects
look preferable.})) 21... h6 22. Nxf7 $1 Kxf7 23. d6 Bf8 $2 ({Black would have
kept good chances to escape with} 23... Bxd6 24. Bxd6 Ne5 25. Qd4 Qxd4 26. Rxd4
Nc4 27. Bxc4 Rxc4) 24. Qf5 Kg8 25. Qxe6+ Kh8 26. d7 Ra8 27. Nd5 $18 {1-0
Karpatchev,A (2421)-Groetz,H (2305)/Schwarzach 2001 (36)}) (19... b4 20. Na4
$36) 20. Ne5 Nd5 $2 {This natural move has a very nice tactical refutation.} ({
Black had to go for} 20... Qb6 21. b4 Nc6 {and although here sacrifices are
possible too, thanks to the presence of the knight on f6 Black has more
defensive resources than in the game. For instance:} 22. Nxf7 $5 Kxf7 (22...
Rxf7 23. Bxe6 $36) 23. d5 Rcd8 (23... Nb8 24. d6 Bd8 25. Qf5 $44) (23... Rfd8
24. d6 Bf8 25. Qf5 Nd4 26. Rxd4 Qxd4 27. Bxe6+ (27. Qxe6+ Kg6 28. Bb1+ Kh6 {
and incredibly Black is winning}) 27... Ke8 28. Re1 Qxc3 {and it is not clear
whether White has more than perpetual}) 24. d6 Rfe8 25. Qf5 Bf8 26. Ne4 $18)
21. b4 $1 Nxc3 ({Black could avoid a quick disaster with the ugly} 21... Nc6
22. Nxd5 exd5 $16) 22. Rxc3 Nc6 23. Nxf7 $3 {[%mdl 64] White gets a big
advantage in all variations. It turns out that Black hasn´t protected e6 and
besides, square d5 also lacks control of black pieces.} Kxf7 {A difficult
decision. It is unlikely that the other recapture would have changed the
result, although it is probably better than the game continuation.} (23... Rxf7
24. Bxe6 $16) 24. d5 $1 {Even more convincing than 24.Qxh7.} Na7 ({After} 24...
Kg8 {one possibility for White is to enter an endgame with big advantage by
force:} 25. dxc6 Rxc6 26. Rxc6 Bxc6 27. Bxe6+ Kh8 28. Qxd8 Rxd8 (28... Bxd8 29.
Bd6 Re8 (29... Rf6 30. Bc8 a5 31. Be5 Rf8 32. Bd7 Bxd7 33. Rxd7 Bf6 34. Bxf6
gxf6 35. Kf1 $18) 30. Bf7 Re4 31. f3 $18) 29. Rxd8+ Bxd8 30. Be5 $18 {[%csl
Rh8][%cal Gg1f1]}) (24... exd5 25. Bxd5+ Ke8 26. Qxh7 $18) 25. Qxh7 $18 Bxd5 (
25... Rxc3 26. dxe6+ Kf6 (26... Ke8 27. Qg6+) 27. Qh4+ (27. Rxd8 $4 Rc1+) 27...
g5 28. Qh6+ Kf5 29. Bb1+ Be4 30. Qh3+ Kf6 (30... g4 31. Bxe4+ Kxe4 32. Qxg4+ {
and mate}) 31. Be5+ $1 Kxe5 32. Qxc3+ Kxe6 33. Rxd8 $18) 26. Qh5+ g6 27. Qh7+
Ke8 28. Qxg6+ Rf7 29. Rf3 ({Or} 29. Bxd5 Rxc3 (29... exd5 30. Rf3 $18) 30. Qxe6
$18) 29... Bxf3 30. Rxd8+ Kxd8 31. gxf3 Rf6 32. Qe4 {The queen supported by
the bishop pair leaves Black no hopes.} 1-0

[Event "RUS-chT 11th"]
[Site "Sochi"]
[Date "2004.04.27"]
[Round "8.5"]
[White "Kobalia, Mihail"]
[Black "Batsanin, Dmitry"]
[Result "1-0"]
[WhiteElo "2630"]
[BlackElo "2429"]
[Annotator "Rogozenco,D"]
[PlyCount "133"]
[EventDate "2004.04.20"]
[EventType "team-tourn"]
[EventRounds "9"]
[EventCountry "RUS"]
[SourceTitle "EXT 2020"]
[Source "ChessBase"]
[SourceDate "2019.10.17"]
[SourceVersion "1"]
[SourceVersionDate "2019.10.17"]
[SourceQuality "1"]
[WhiteTeam "Norilsk Norilsky Nikel"]
[BlackTeam "Vladivostok Debiut-DVGU"]
[WhiteTeamCountry "RUS"]
[BlackTeamCountry "RUS"]

1. e4 c5 2. Nf3 Nc6 3. c3 d5 4. exd5 Qxd5 5. d4 e6 6. Be3 cxd4 7. cxd4 Nf6 8.
a3 Be7 9. Nc3 Qd6 10. Bd3 O-O 11. O-O b6 12. Qe2 Bb7 13. Rad1 Rad8 14. Bb1 Qb8
15. Rfe1 Rfe8 16. Bg5 g6 17. Ba2 Nh5 18. d5 $1 {White keeps better chances in
spite of massive exchanges.} (18. Bh6 Bf6 $11) 18... exd5 19. Rxd5 (19. Bxd5
Bxg5 20. Bxf7+ Kxf7 21. Nxg5+ Kg7 22. Ne6+ Kg8 23. Qc4 (23. Nxd8 $142 Rxe2 24.
Rxe2) 23... Rxd1 24. Rxd1 Ne5 25. Qb3 Nf7 26. Nb5 Nf4 $19 {0-1 Trinh Tri
Bao-Mikanovic,G/Montreal 2001 (28)}) 19... Bf8 20. Ne4 {Pavasovic's move.} (20.
Qd2 Rxd5 (20... Rxe1+ 21. Nxe1 Rxd5 22. Nxd5 Bd6 (22... Ne5 $142) 23. h3 Ne5
24. g4 Ng7 25. Nf6+ Kh8 26. Bh4 $1 $16 {/+- 1-0 Palkovi,J-Kovacs,G/Hungary
1997 (30)}) 21. Nxd5 Rxe1+ 22. Qxe1 (22. Nxe1 $5) 22... h6 23. Bd2 Qd8 $14 {
/= 1/2-1/2 De Gleria,F-Horvath,J/Montecatini Terme 1999 (25)}) 20... Rxd5 21.
Bxd5 Nd4 22. Bxf7+ $1 Kxf7 23. Nxd4 Qe5 (23... Bxe4 24. Qc4+ Kg7 25. Ne6+ Rxe6
26. Qxe6 Bf5 27. Qc4 $36) (23... Rxe4 $2 24. Qc4+ Kg7 25. Rxe4 Bxe4 26. Ne6+
$18) 24. Nc3 Qxe2 25. Rxe2 Rxe2 26. Ndxe2 Ng7 $146 ({A better defence was
shown in the following game:} 26... Nf6 27. Be3 Nd7 28. Bd4 (28. f3 Ne5 $44) (
28. f4 Nc5 $44) 28... Nb8 $1 29. f3 Nc6 30. Kf2 (30. Be3 Ne5 $44) 30... Nxd4
31. Nxd4 Kf6 $44 {1/2-1/2 Pavasovic,D-Horvath,C/Pozega 2000 (44)}) 27. Bf4 Nf5
(27... Ne6 28. Bb8 $16) 28. Kf1 {In the arising endgame chances are about
50-50: White has 50% to win the game, Black has 50% to draw.} Ke6 {In my
opinion the activisation of the king does not bring the desired result. Black
should have tried to attack White's queenside pawns with the pieces.} (28...
Nd6 $142 $14) 29. Bb8 a6 30. Nf4+ Kd7 31. Nfd5 Kc6 32. Be5 a5 33. g4 Nd6 34.
Ne3 $16 Kc5 35. Ke2 b5 36. Kd3 b4 37. axb4+ axb4 38. Bd4+ Kc6 39. Ncd5 Ba6+ 40.
Kc2 Ne4 41. f4 Bc8 42. Nb6 Be6 43. f5 gxf5 44. gxf5 Bf7 45. Ng4 Bd6 46. Kd3 Ng5
47. Nc4 Bh5 $6 (47... Nf3 $142 48. Nxd6 Kxd6 49. Ke3 $16) 48. Nf6 Bf7 49. Nxd6
Kxd6 50. Be3 Nf3 51. Bf4+ Ke7 52. Nxh7 $18 Bg8 53. Ng5 Nxg5 54. Bxg5+ {Black
cannot prevent the penetration of White's king to g5.} Ke8 55. Ke4 b3 56. Ke5
Kf7 57. Be3 Bh7 58. Kf4 Bg8 59. Kg5 Bh7 60. h4 Bg8 61. Kh6 Kf6 62. Bd4+ Kf7 (
62... Kxf5 63. Kg7 {[%cal Gh4h5,Gh5h6]}) 63. h5 Kf8 64. Bc5+ Kf7 65. Be7 Kxe7
66. Kg7 Bh7 67. f6+ 1-0

[Event "Stepanakert Petrosian Memorial"]
[Site "Stepanakert"]
[Date "2004.03.13"]
[Round "5"]
[White "Kobalia, Mihail"]
[Black "Ghaem Maghami, Ehsan"]
[Result "1-0"]
[WhiteElo "2643"]
[BlackElo "2549"]
[Annotator "Rogozenco,D"]
[PlyCount "81"]
[EventDate "2004.03.09"]
[EventType "tourn"]
[EventRounds "9"]
[EventCountry "ARM"]
[EventCategory "13"]
[SourceTitle "CBM 100"]
[Source "ChessBase"]
[SourceDate "2004.06.01"]
[SourceVersion "1"]
[SourceVersionDate "2004.06.01"]
[SourceQuality "1"]

1. e4 c5 2. c3 d5 3. exd5 Qxd5 4. d4 Nc6 5. Nf3 Bg4 6. Be2 cxd4 7. cxd4 e6 8.
Nc3 Qa5 {Due to White's pawn sacrifice d4-d5, Black must be extremely well
prepared in this line. And a good preparation here means having one's own
analysis, since there is relatively little theory.} 9. h3 Bh5 10. d5 $1 {
It is not clear whether this advance secures White an advantage, nevertheless
it represents the most principled continuation.} (10. O-O Nf6 $11) 10... exd5 (
10... O-O-O {is another critical move. Although Black scored well in the
practice with it (under these circumstances castle long might look like the
best decision), this looks very suspicious to me anyway. For instance:} 11. Bd2
$5 {In the practice White played 11.0-0 (the alternative 11.Nd2 looks dubious),
when after 11...Nf6 12.Ng5 Bg6! it is not easy for White to prove an advantage.
} exd5 12. O-O Nf6 13. Rc1 $44 {I believe Black is in troubles here.} Kb8 14.
Nb5 $18 {[%cal Gd2f4]}) 11. Nd4 Bxe2 (11... Nxd4 12. Bxh5 Ne6 13. O-O Nf6 14.
Re1 $44) (11... Bg6 12. O-O $44) 12. Qxe2+ Be7 13. Nxc6 bxc6 14. O-O Kf8 (14...
Rd8 15. Bd2 d4 16. Ne4 $44) 15. Bd2 (15. Re1 Qd8 16. Bf4 $44) 15... Nf6 16.
Rfe1 Qd8 17. Rac1 {White has very good compensation for the pawn. In principle
the question is only if Black will succeed to escape after returning material,
since otherwise it is difficult to complete development.} h6 (17... Qd7 18. Qd3
Bd6 19. Bg5 Ne8 20. Na4 Nc7 21. Qc2 Ne6 22. Qxc6 Qxc6 23. Rxc6 Bb4 24. Re5 $14
{1-0 Nisipeanu,L-Zapata,A/Santo Domingo 2003 (54)}) 18. Bf4 Qd7 19. Qa6 g5 (
19... Kg8 {was more cautious.} 20. Na4 $14) 20. Be5 Kg7 {[%mdl 64]} 21. Nxd5 $1
{This was not really necessary, but looks very nice.} (21. Ne2 Rac8 22. Ng3 $16
{[%csl Rf5][%cal Ga6d3,Gg3f5,Gg3h5]}) 21... cxd5 22. Rc6 Qd8 (22... Qf5 23. Bd4
$1 ({weaker is} 23. Bc3 d4 24. Bxd4 Rad8 25. Bc3 Rhe8 $13 26. Rxe7 $2 Rd1+ $19)
({but deserves attention} 23. g4 Qg6 24. Bc3) 23... Rac8 (23... Bd8 24. Qb7 {
[%csl Ra8]}) 24. Rxe7 Rxc6 25. Qxc6 Rc8 26. Qd6 $1 Rc1+ 27. Kh2 Rd1 28. Qe5 $16
) 23. Bd4 {Complete domination.} Rc8 (23... Re8 24. Rxe7 Rxe7 25. Rxf6 $18) 24.
Rxc8 Qxc8 25. Qxc8 Rxc8 26. Rxe7 $16 Rc1+ (26... Rc4 27. Bxa7 $16) 27. Kh2 Rd1
28. Be5 Kg6 29. f3 (29. Rxa7 $142 Ne4 30. Ra6+ Kf5 31. Bg7 Nd2 32. Rf6+ Ke4 33.
h4 g4 34. Kg3 h5 35. f3+ $18) 29... a6 30. Ra7 Kf5 31. Bc7 Rd2 32. Kg1 h5 $2 (
32... Rxb2 33. g4+ Ke6 (33... Kg6 34. Rxa6 Re2 35. Bd8 Re6 36. Rxe6 fxe6 37.
Bxf6 Kxf6 38. a4 Ke7 39. a5 Kd6 40. f4 (40. a6 Kc6 41. a7 Kb7 42. f4 $18) 40...
gxf4 (40... d4 41. f5) 41. h4 $18) 34. Rxa6+ Ke7 35. Be5 Rb1+ 36. Kf2 Nd7 37.
Bd6+ $16) 33. Bd8 $18 Ne8 34. Rxf7+ Kg6 35. Rf8 Ng7 36. Rf6+ Kh7 37. Rxa6 Rxb2
38. Bf6 Rb1+ 39. Kf2 Nf5 40. g4 hxg4 41. hxg4 1-0

[Event "FRA-ch"]
[Site "Aix les Bains"]
[Date "2003.08.27"]
[Round "9"]
[White "Degraeve, Jean Marc"]
[Black "Skripchenko, Almira"]
[Result "1-0"]
[WhiteElo "2541"]
[BlackElo "2489"]
[Annotator "Rogozenco,D"]
[PlyCount "55"]
[EventDate "2003.08.18"]
[EventType "tourn"]
[EventRounds "11"]
[EventCountry "FRA"]
[EventCategory "13"]
[SourceTitle "CBM 097"]
[Source "ChessBase"]
[SourceDate "2003.11.11"]
[SourceVersion "1"]
[SourceVersionDate "2003.11.11"]
[SourceQuality "1"]

1. e4 c5 2. Nf3 e6 3. c3 Nf6 4. e5 Nd5 5. d4 cxd4 6. Qxd4 Nc6 7. Qe4 Nde7 $5 8.
Bd3 Ng6 9. O-O Qc7 10. Re1 b6 (10... d6 11. exd6 Bxd6 12. Nbd2 Nce5 13. Nxe5
Nxe5 14. Bb5+ Bd7 15. Bxd7+ Nxd7 $11 {0-1 Dunne,A-Janjgava,L/Philadelphia 1990
(30)}) 11. Qe2 (11. h4 $5 Bb7 12. Qe2 d6 13. exd6 Bxd6 14. Ba6 O-O 15. Bxb7
Qxb7 16. h5 Nf4 17. Bxf4 Bxf4 18. Qe4 Qc7 19. Na3 a6 20. Rad1 $11 {0-1
Rogovskoy,A-Semeniuk,A/Podolsk 1993 (54)}) 11... Bb7 12. b4 $5 (12. h4 {
- 11.h4.}) 12... a6 13. Na3 b5 (13... d6 14. exd6 Bxd6 15. Nc4 (15. b5 Nce5 16.
Nxe5 Nxe5 17. bxa6 Nxd3 18. axb7 Rd8 $1 $11) 15... Be7 16. a4 $14) 14. Nc2 Nce7
(14... d6 15. a4 $36) 15. a4 Nd5 16. axb5 Nxc3 17. Qe3 Nd5 18. Qd4 axb5 19.
Rxa8+ Bxa8 20. h4 (20. Bg5 $5 {[%cal Ge1c1]} h6 21. Bd2 $44) 20... Nge7 $1 (
20... f6 21. exf6 gxf6 22. Qg4 (22. h5 Ngf4) 22... Kf7 $13) 21. h5 Nc6 22. Qg4
f5 ({After} 22... Ncxb4 23. Nxb4 Nxb4 24. Bxb5 Bc6 {White must have enough
compensation for the pawn, but hardly more than that.} 25. Bf1 $5) 23. exf6
Nxf6 24. Qg5 Be7 $2 {Unexpectedly this is a bad mistake. Black cannot afford
to castle, since the king will immediately become a target of a direct attack.}
({Why not take the pawn?} 24... Nxb4 25. Nxb4 Bxf3 {Black seems to be more
then okay here.} (25... Bxb4 26. Qxg7 Rf8 27. Rxe6+ Kd8 (27... dxe6 28. Qxc7)
28. Rxf6 Qxc1+ 29. Bf1 $13)) 25. Bb2 (25. Qxg7 $2 Rg8 26. Qh6 Nxb4 27. Nxb4
Bxf3 $19) 25... O-O $4 {Loses immediately.} (25... Nd8 26. Ne5 (26. h6 {
is also good:} gxh6 (26... Bxf3 27. hxg7 Rg8 28. Bxf6 $18) 27. Qxh6 Nf7 (27...
Bxf3 28. Bxf6 Rg8 29. Ne3 $44) 28. Qh3 $44 {[%csl Re8]}) 26... Qb7 (26... O-O
$2 27. h6 $18) 27. Ne3 $44 (27. f3 $44) 27... Bxb4 $140 $2 28. h6 $1 Bxe1 (
28... gxh6 29. Bg6+ hxg6 (29... Ke7 30. Nf5+ exf5 31. Nc4+ $18) 30. Qxg6+ Ke7
31. Qg7+ Kd6 32. Rd1+ Nd5 33. Qxh8 $18) 29. hxg7 Rg8 30. Qxf6 $18) (25... Nxb4
$2 26. Nxb4 Bxf3 (26... Bxb4 27. Qxg7 Rg8 28. Rxe6+ dxe6 29. Bxb5+ $18) 27.
gxf3 Bxb4 28. Qxg7 $18 {[%cal Ge1e6,Yd3b5]}) 26. Bxh7+ Kh8 (26... Kxh7 27. Qg6+
Kh8 (27... Kg8 28. h6 Rf7 29. Ng5 $18) 28. h6 $18) 27. h6 Rf7 28. Bg6 (28. Bg6
Rf8 (28... gxh6 29. Qxh6+ Kg8 30. Bxf7+ Kxf7 31. Ng5+ $18) 29. hxg7+ Kxg7 30.
Bd3+ Kh8 31. Qh6+ Kg8 32. Qg6+ Kh8 33. Qh7#) 1-0

[Event "Corus-C"]
[Site "Wijk aan Zee"]
[Date "2005.01.29"]
[Round "12"]
[White "Jonkman, Harmen"]
[Black "Bosboom, Manuel"]
[Result "1-0"]
[WhiteElo "2399"]
[BlackElo "2426"]
[Annotator "Rogozenco,D"]
[PlyCount "49"]
[EventDate "2005.01.15"]
[EventType "tourn"]
[EventRounds "13"]
[EventCountry "NED"]
[EventCategory "7"]
[SourceTitle "CBM 105"]
[Source "ChessBase"]
[SourceDate "2005.04.11"]
[SourceVersion "1"]
[SourceVersionDate "2005.04.11"]
[SourceQuality "1"]

1. e4 c5 2. c3 Nf6 3. e5 Nd5 4. Nf3 d6 5. d4 cxd4 6. cxd4 Nc6 7. Bc4 Nb6 8. Bb3
dxe5 9. d5 Na5 10. Nc3 Nxb3 11. Qxb3 e6 12. Nxe5 Bd6 (12... Nxd5 13. Qb5+ Bd7
14. Qxb7 Bb4 $1 $11 (14... Qc8 15. Qxd7+ Qxd7 16. Nxd7 Kxd7 17. Nxd5 exd5 18.
Be3 $14)) (12... exd5 {is the main continuation}) 13. Qb5+ Kf8 14. dxe6 Bxe6
15. Bf4 (15. Be3 Qc7 16. f4 Nc4 17. Nxc4 Bxc4 18. Qf5 Re8 19. Kf2 Re6 20. g3 h5
$15 {0-1 Boonet,G-Sperhake,K/ICCF Email 2001 (30)}) (15. O-O f6 16. Rd1 fxe5
17. Ne4 Bd7 18. Qe2 Be7 19. Qf3+ Ke8 20. Qh5+ Kf8 21. Qf3+ Ke8 22. Qh5+ Kf8 23.
Qf3+ Ke8 {1/2-1/2 Fomin,A-Sapunov,E/Tula 2004}) 15... Bxe5 $2 ({Correct is} 
15... Nc4 {with reasonable chances for Black:} 16. O-O-O (16. Nxc4 Bxf4 17. Ne3
Qd7 18. Qxd7 Bxd7 19. Rd1 Bc6 $15 {0-1 Mousessian,J-Morss,M/Corr 1998 (38)})
16... Qc7 17. Rxd6 $6 (17. Nd7+ Qxd7 18. Bxd6+ Nxd6 19. Qxd7 Bxd7 20. Rxd6 Ke7
$11) 17... Nxd6 18. Qb4 Qb6 19. Nd7+ Bxd7 20. Bxd6+ Kg8 21. Qf4 h5 $17 {
0-1 Neubauer,M-Tratar,M/Portoroz 1998 (70)}) (15... Qe7 16. O-O-O Bb4 17. Bd2
$36 f6 $6 18. Nd3 Bxc3 19. Bxc3 Qf7 20. Nc5 Bc4 21. Qa5 Kg8 22. Ne4 Bxa2 23.
Nd6 Qb3 24. Rhe1 $16 {1-0 Szabo,Z-Faust,D/ICCF Email 2000 (26)}) 16. Qxe5 $16 {
White has an obvious advantage thanks to opponent's problems with the king.}
Nc4 $6 {That's a strange show of activity at the moment when Black needs a
constructive defensive plan.} (16... Qe7 17. O-O Bc4 18. Rfe1 Qxe5 19. Bxe5 $16
{Even in endgame Black feels highly uncomfortable:} Rd8 (19... f6 20. Bd6+ Kf7
21. Re7+ Kg6 22. Rxb7 $16) 20. Rad1 Rxd1 21. Rxd1 Ke7 22. Bxg7 $16) (16... Nd7
$142 17. Qe4 (17. Qe2 h6 18. O-O Kg8 $16 {[%cal Gg8h7]}) 17... Nf6 18. Qxb7 Kg8
19. O-O h6 20. Qf3 Kh7 $16) 17. Qe4 g5 {After this Black has no hopes at all.
On the other hand everything is leads to difficult positions..} (17... Nxb2 $2
18. Qb4+ $18) (17... Kg8 18. Qxb7 h6 19. O-O ({Black survives after} 19. Qe4 $2
Nxb2 20. O-O Rc8 {[%cal Gd8d3]}) 19... Kh7 20. Qe4+ g6 $16 {/+-}) 18. Rd1 $1
Qe7 19. Bc1 $18 {[%csl Rf8,Rg5][%cal Gb2b3,Yc1b2]} Rg8 ({Black can trade
queens with} 19... Bg4 20. f3 Qxe4+ 21. Nxe4 {but he loses the pawn g5 and is
technically lost.}) (19... Kg7 20. b3 (20. O-O Rhd8 21. b3 Nd6 22. Qe2 $18)
20... Qf6 (20... Nb6 21. O-O $18) 21. Ne2 Ne5 22. O-O $18) 20. O-O Rg6 21. Rfe1
Rc8 22. Qd4 Kg8 23. Nd5 ({Stronger was the simple} 23. b3 Nb6 24. Bb2 $18)
23... Qd8 24. b3 Nb6 $2 (24... Qxd5 $1 25. Qxd5 Bxd5 26. Rxd5 Nb6 27. Rxg5 Rc2
{and Black keeps practical chances to escape.}) 25. Bb2 1-0